Statistics for San Antonio Spurs NBA Awards Winners

Click here to take the quiz!

General Stats

  • This quiz has been taken 444 times
  • The average score is 6 of 7

Answer Stats

Player% Correct
Tim Duncan
100%
Tony Parker
100%
David Robinson
99%
Kawhi Leonard
98%
Manu Ginobili
95%
Gregg Popovich
89%
Alvin Robertson
41%

Score Distribution

Percentile by Number Answered

Percent of People with Each Score

Your Score History

You have not taken this quiz